Countries with the Most Olympic Medals in Fencing - Statistics

General Stats
  • This quiz has been taken 673 times
  • The average score is 18 of 24
Answer Stats
Hint Answer % Correct
8 United States
99%
2 France
98%
5 Russia (incl. ROC)
98%
19 Great Britain
97%
1 Italy
97%
9 China
96%
6 Germany (incl. West Germany and United Team of Germany)
96%
14 Japan
94%
10 Poland
86%
17 Sweden
85%
3 Hungary
83%
7 South Korea
83%
22 Austria
81%
20 Switzerland
80%
18 Greece
77%
13 Belgium
76%
11 Romania
76%
15 Ukraine
73%
21 Denmark
70%
4 Soviet Union (incl. Unified Team)
48%
22 Estonia
39%
12 Cuba
22%
16 Hong Kong
12%
23 Venezuela
9%
No matching quizzes found
Score Distribution
Percent of People with Each Score
Percentile by Number Answered
Your Score History
You have not taken this quiz